Statistics for Authoritarian Countries of 2024 (Democracy Index)

Click here to take the quiz!

General Stats

  • This quiz has been taken 53 times
  • The average score is 45 of 58

Answer Stats

HintAnswer% Correct
2.12China
98%
1.08North Korea
98%
2.93Egypt
95%
1.96Iran
93%
2.37Niger
93%
2.22Russia
93%
2.08Saudi Arabia
93%
1.66Turkmenistan
93%
2.12Uzbekistan
93%
1.78Libya
90%
1.43Syria
90%
1.94Tajikistan
90%
3.01United Arab Emirates
90%
1.95Yemen
90%
0.26Afghanistan
88%
3.66Algeria
88%
3.08Kazakhstan
88%
3.12Oman
88%
1.76Sudan
88%
1.99Belarus
85%
2.88Iraq
85%
1.71Laos
85%
3.25Pakistan
85%
1.97Eritrea
83%
3.70Kyrgyzstan
83%
3.65Qatar
83%
1.68Democratic Republic of the Congo
80%
3.37Ethiopia
80%
2.31Venezuela
80%
2.62Vietnam
80%
2.73Burkina Faso
78%
3.50Kuwait
78%
2.58Mali
78%
2.80Azerbaijan
76%
2.52Bahrain
76%
0.85Myanmar
76%
2.79Republic of the Congo
76%
3.05Cambodia
73%
2.65Cuba
73%
3.04Jordan
73%
3.56Lebanon
71%
2.56Cameroon
68%
1.18Central African Republic
68%
1.67Chad
68%
2.70Djibouti
68%
2.21Guinea
68%
2.26Nicaragua
68%
2.13Burundi
66%
2.18Gabon
66%
2.99Togo
66%
1.92Equatorial Guinea
63%
2.81Haiti
63%
3.30Rwanda
63%
2.45Guinea-Bissau
61%
3.51Mozambique
61%
3.04Zimbabwe
59%
2.78Eswatini
49%
3.04Comoros
46%

Score Distribution

Percentile by Number Answered

Percent of People with Each Score

Your Score History

You have not taken this quiz